Николай Сергеевич Тимашев (Запись № 488607)

Подробности
000 -МАРКЕР
контрольное поле 01676nam0a2200373 4500
001 - ИДЕНТИФИКАТОР ЗАПИСИ
контрольное поле RU\NLR\bibl\392231
005 - ИДЕНТИФИКАТОР ВЕРСИИ
контрольное поле 20250622160958.0
010 ## - МЕЖДУНАРОДНЫЙ СТАНДАРТНЫЙ НОМЕР КНИГИ (ISBN)
Номер (ISBN) 5-7422-0332-2
Тираж 150
021 ## - НОМЕР ГОСУДАРСТВЕННОЙ РЕГИСТРАЦИИ
Код страны Российская Федерация
Номер 2003-26822
035 ## - ДРУГИЕ СИСТЕМНЫЕ НОМЕРА
Идентификатор записи (NLR Aleph) 000386513
100 ## - ДАННЫЕ ОБЩЕЙ ОБРАБОТКИ
Данные общей обработки 20030421d2003 |||y0rusy50 ca
101 0# - ЯЗЫК РЕСУРСА
Язык текста, звукозаписи и т.д. русский
102 ## - СТРАНА ПУБЛИКАЦИИ ИЛИ ПРОИЗВОДСТВА
Страна публикации Российская Федерация
105 ## - ПОЛЕ КОДИРОВАННЫХ ДАННЫХ: ТЕКСТОВЫЕ МАТЕРИАЛЫ, МОНОГРАФИЧЕСКИЕ
Кодированные данные о монографическом текстовом документе y |||||||||
200 1# - ЗАГЛАВИЕ И СВЕДЕНИЯ ОБ ОТВЕТСТВЕННОСТИ
Основное заглавие Николай Сергеевич Тимашев
Первые сведения об ответственности О.Л. Гнатюк
210 ## - ПУБЛИКАЦИЯ, РАСПРОСТРАНЕНИЕ И ДР.
Место издания, распространения и т.д. СПб.
Имя издателя, распространителя и т. д. Изд-во СПбГПУ
Дата издания, распространения и т.д. 2003
215 ## - ФИЗИЧЕСКАЯ ХАРАКТЕРИСТИКА
Специфическое обозначение материала и объем 169 с.
Размеры 20
225 1# - СЕРИЯ
Основное заглавие серии Биобиблиографическая серия: Выдающиеся ученые СПбГПУ
Сведения об ответственности М-во образования Рос. Федерации, С.-Петерб. гос. политехн. ун-т
-- Отв. ред. д.т.н., проф. В.Н. Козлов
Обозначение тома Вып. 18
300 ## - ОБЩИЕ ПРИМЕЧАНИЯ
Текст примечания На обороте тит.л. авт.: д.социол.н. О.Г. Гнатюк
300 ## - ОБЩИЕ ПРИМЕЧАНИЯ
Текст примечания На обл. загл. сер.: Выдающиеся ученые СПбГПУ
316 ## - ПРИМЕЧАНИЯ ОБ ОСОБЕННОСТЯХ ЭКЗЕМПЛЯРА
Текст примечания автограф
Организация и экземпляр, к которому относится поле NLR:С 2003-1/172
320 ## - ПРИМЕЧАНИЯ О НАЛИЧИИ В ДОКУМЕНТЕ БИБЛИОГРАФИИ / УКАЗАТЕЛЯ
Текст примечания Хронол. указ. тр. Н.С. Тимашева: с. 132-160
600 #1 - ИМЯ ЛИЦА КАК ПРЕДМЕТ
Начальный элемент ввода Тимашев
Часть имени, кроме начального элемента ввода Н.С.
Даты 1886 - 1970
Расширение инициалов личного имени Николай Сергеевич
Системный номер авторитетной/нормативной записи 2288269
Идентификатор авторитетной/нормативной записи RU\NLR\auth\661370574
600 #1 - ИМЯ ЛИЦА КАК ПРЕДМЕТ
Начальный элемент ввода Тимашев
Часть имени, кроме начального элемента ввода Н. С.
Даты 1886-1970
Расширение инициалов личного имени Николай Сергеевич
Код системы psbo
686 ## - ИНДЕКСЫ ДРУГИХ КЛАССИФИКАЦИЙ
Индекс С51(2)6
686 ## - ИНДЕКСЫ ДРУГИХ КЛАССИФИКАЦИЙ
Индекс Х.д(28)
700 #1 - ИМЯ ЛИЦА - ПЕРВИЧНАЯ ОТВЕТСТВЕННОСТЬ
Начальный элемент ввода Гнатюк
Часть имени, кроме начального элемента ввода О. Л.
Расширение инициалов личного имени Ольга Леонидовна
Код отношения Автор
801 #0 - ИСТОЧНИК ЗАПИСИ
Страна Российская Федерация
Организация NLR
Дата составления 20030421
Правила каталогизации PSBO
801 #1 - ИСТОЧНИК ЗАПИСИ
Страна Российская Федерация
Организация NLR
Дата составления 20030421
830 ## - ОБЩЕЕ ПРИМЕЧАНИЕ, СОСТАВЛЕННОЕ КАТАЛОГИЗАТОРОМ
Текст примечания Авт. по автогр.
942 ## - ДОПОЛНИТЕЛЬНЫЕ ЭЛЕМЕНТЫ ЗАПИСИ (АБИС)
Тип экземпляра АБИС Книга
980 ## - КОЛЛЕКЦИЯ
Название коллекции Национальная библиография
Экземпляры
Тип экземпляра Дата поступления Источник поступления Библиотека постоянного хранения Библиотека текущего хранения Место хранения Шифр хранения Штрих-код Статус экземпляра
Книга 21.04.2003 Дар РНБ (Московский) РНБ (Московский) Центральная справочная библиотека С 2003-1/172 1-331976  
Книга 23.04.2004 Обязательный экземпляр РНБ (Московский) РНБ (Московский) Центральная справочная библиотека С 2003-1/172 1-331972  
Книга 13.10.2004 Дар РНБ (Московский) РНБ (Московский) Обменный фонд, резервный   770076